Kreatín a jeho význam vo výžive bakalárska praca CD

Salvato in:
Dettagli Bibliografici
Autore principale: Gyüre, Ján
Natura: Software Libro
Lingua:slovacco
Pubblicazione: Bratislava STU FCHPT 2013
Accesso online:Visualizza in OPAC
Tags: Aggiungi Tag
Nessun Tag, puoi essere il primo ad aggiungerne!!

MARC

LEADER 00000nam a2200000 a 4500
005 20260127134229.0
007 co ugu
008 131015 2013 000 0 slo d
035 |a vtls010550781 
039 9 |y 201310151042  |z mschk03 
040 |a STUSCHK1  |b slo  |c STUSCHK1  |e AACR2 
100 1 |a Gyüre, Ján 
245 1 |a Kreatín a jeho význam vo výžive  |b bakalárska praca CD  |c Ján Gyüre 
260 |a Bratislava  |b STU FCHPT  |c 2013 
300 |a 1 optický disk 
500 |a Obhájené: 09.07.2013 
500 |a Štud. program: Výživa-kozmetika-ochrana zdravia 
500 |a Štud. odbor: Potravinárstvo 
500 |a Škol. pracovisko: Odd. výživy a hodnotenia potravín 
500 |a Evid. číslo: FCHPT-13046-43327 
910 |a SCHK95 
999 |c 7300  |d 7300